[Event "FIDE World Rapid Team"]
[Site "Almaty KAZ"]
[Date "2024.08.03"]
[Round "6.22"]
[White "Agmanov, Zhandos"]
[Black "Suleyev, Alen"]
[Result "1/2-1/2"]
[WhiteTitle "IM"]
[BlackTitle "FM"]
[WhiteElo "2458"]
[BlackElo "2084"]
[WhiteTeam "Astana-1"]
[BlackTeam "Greco"]
[WhiteFideId "13708309"]
[BlackFideId "13707213"]
[EventDate "2024.08.02"]

1. e4 c5 2. Nf3 Nf6 3. e5 Nd5 4. Nc3 e6 5. Nxd5 exd5 6. d4 Nc6 7. dxc5 Bxc5 8.
Qxd5 d6 9. exd6 Qb6 10. Qe4+ Be6 11. Qh4 Bxd6 12. Bd3 Nb4 13. O-O Nxd3 14. cxd3
O-O 15. b3 Bd5 16. Be3 Qd8 17. Qxd8 Rfxd8 18. Nd2 Bb4 19. Ne4 f5 20. Ng3 g6 21.
Ne2 Bf7 22. Rfd1 a5 23. Rac1 1/2-1/2

[Event "FIDE World Rapid Team"]
[Site "Almaty KAZ"]
[Date "2024.08.03"]
[Round "6.23"]
[White "Nasybullina, Alfia"]
[Black "Kostenko, Petr"]
[Result "0-1"]
[WhiteTitle "WIM"]
[BlackTitle "GM"]
[WhiteElo "2034"]
[BlackElo "2338"]
[WhiteTeam "Greco"]
[BlackTeam "Astana-1"]
[WhiteFideId "4132416"]
[BlackFideId "13700669"]
[EventDate "2024.08.02"]

1. Nf3 c5 2. e4 e6 3. c3 Nf6 4. e5 Nd5 5. d4 cxd4 6. cxd4 b6 7. Nc3 Nxc3 8. bxc3
Qc7 9. Bd3 Qxc3+ 10. Qd2 Qxa1 11. O-O Nc6 12. Bc4 Na5 13. Bb5 a6 14. Ba3 axb5
15. Bxf8 Qxf1+ 16. Kxf1 Rxf8 17. d5 Bb7 18. d6 Bxf3 19. Qg5 Nc6 20. gxf3 Rxa2
21. Qe3 f6 22. Qxb6 fxe5 23. Qb7 Rxf3 24. Qxb5 Rfxf2+ 25. Kg1 Nd4 26. Qb8+ Kf7 0-1

[Event "FIDE World Rapid Team"]
[Site "Almaty KAZ"]
[Date "2024.08.03"]
[Round "6.24"]
[White "Naimanov, Rinat"]
[Black "Kabylbek, Yedil"]
[Result "0-1"]
[WhiteElo "1749"]
[BlackElo "1857"]
[WhiteTeam "Astana-1"]
[BlackTeam "Greco"]
[WhiteFideId "13785109"]
[BlackFideId "13744658"]
[EventDate "2024.08.02"]

1. e4 d6 2. d4 Nf6 3. Nc3 e5 4. Nf3 Nbd7 5. Bc4 Be7 6. O-O O-O 7. h3 c6 8. a4
exd4 9. Qxd4 Nc5 10. Be3 Be6 11. Rad1 Qc7 12. Rfe1 Rad8 13. Bf4 Bxc4 14. Qxc4
Ne6 15. Bh2 Qa5 16. Nd4 Nxd4 17. Qxd4 Rd7 18. e5 dxe5 19. Qxe5 Qxe5 20. Bxe5
Rxd1 21. Rxd1 Rd8 22. Rxd8+ Bxd8 23. b3 Kf8 24. Bxf6 Bxf6 25. Ne4 Be7 26. Kf1 f5
27. Ng3 g6 28. Ke2 Kf7 29. Nf1 Ke6 30. Kd3 Bc5 31. f3 Ke5 32. g3 g5 33. Nd2 b5
34. c4 b4 35. Nf1 h5 36. Nd2 h4 37. g4 fxg4 38. fxg4 Kf4 39. Ne4 Be7 0-1

[Event "FIDE World Rapid Team"]
[Site "Almaty KAZ"]
[Date "2024.08.03"]
[Round "6.25"]
[White "Tin, Jingyao"]
[Black "Wageih, Kareim"]
[Result "1-0"]
[WhiteTitle "GM"]
[BlackTitle "IM"]
[WhiteElo "2575"]
[BlackElo "2402"]
[WhiteTeam "Theme International Trading"]
[BlackTeam "Egypt"]
[WhiteFideId "5804418"]
[BlackFideId "10604561"]
[EventDate "2024.08.02"]

1. d4 d5 2. c4 c6 3. Nf3 Nf6 4. Nc3 dxc4 5. a4 Bf5 6. Ne5 e6 7. f3 Bb4 8. e4
Bxe4 9. fxe4 Nxe4 10. Bd2 Qxd4 11. Nxe4 Qxe4+ 12. Qe2 Bxd2+ 13. Kxd2 Qd5+ 14.
Kc2 Na6 15. Nxc4 O-O-O 16. Qf3 f6 17. Be2 e5 18. Rad1 Nb4+ 19. Kb1 Qxf3 20. Bxf3
Nd5 21. Be4 Kc7 22. Rd2 Rd7 23. Rhd1 Rhd8 24. Bxh7 Rh8 25. Bf5 Re7 26. Be4 Rxh2
27. Bxd5 cxd5 28. Rxd5 b6 29. Rc1 Kb7 30. Nd6+ Ka6 31. b4 Rxg2 32. Ra5+ 1-0

[Event "FIDE World Rapid Team"]
[Site "Almaty KAZ"]
[Date "2024.08.03"]
[Round "6.26"]
[White "Wafa, Hamed"]
[Black "Jumabayev, Rinat"]
[Result "0-1"]
[WhiteTitle "IM"]
[BlackTitle "GM"]
[WhiteElo "2345"]
[BlackElo "2577"]
[WhiteTeam "Egypt"]
[BlackTeam "Theme International Trading"]
[WhiteFideId "10628452"]
[BlackFideId "13702661"]
[EventDate "2024.08.02"]

1. e4 e6 2. d4 d5 3. e5 c5 4. c3 Nc6 5. Nf3 Bd7 6. Be2 Nge7 7. Na3 Ng6 8. h4
cxd4 9. cxd4 Bb4+ 10. Kf1 h6 11. h5 Nge7 12. Nc2 Ba5 13. Bd3 a6 14. Rh3 Nf5 15.
g4 Nfe7 16. a3 Bb6 17. g5 Na5 18. gxh6 gxh6 19. Ne3 Bb5 20. Ng4 Ng8 21. Bxb5+
axb5 22. Rg3 Qc7 23. Bd2 Qc4+ 24. Kg2 Nb3 25. Ne3 Qd3 26. Bc3 Qxd1 27. Rxd1 Ne7
28. Nh2 Nc6 29. Nc2 Ra4 30. Nf3 Bd8 31. Nb4 Be7 32. Ne1 Kd7 33. Nec2 Raa8 34.
Kf3 Bg5 35. Rdg1 f6 36. Nd3 fxe5 37. Nxe5+ Nxe5+ 38. dxe5 Rhf8+ 39. Ke2 Nc5 40.
f3 Rf5 41. Rg4 Rc8 42. Ne3 Bxe3 43. Rg7+ Kc6 44. Kxe3 Rcf8 45. R1g3 Re8 46. Rh7
Rxh5 47. Rgg7 Rc8 48. Ba5 b6 49. Bc3 Na6 50. Rg6 Nc7 51. Rgg7 b4 52. axb4 Rh3
53. b5+ Nxb5 54. Bb4 d4+ 55. Ke4 Rh4+ 56. Rg4 Rxg4+ 57. fxg4 Rg8 58. Kf4 Rg6 59.
Bd2 d3 60. Kf3 Nd4+ 61. Ke3 Rxg4 62. Kxd3 Nf5 63. Rh8 b5 64. Bxh6 Rh4 65. Bg7
Rd4+ 0-1

[Event "FIDE World Rapid Team"]
[Site "Almaty KAZ"]
[Date "2024.08.03"]
[Round "6.27"]
[White "Siddharth, Jagadeesh"]
[Black "Hassan, Sayed Barakat"]
[Result "1-0"]
[WhiteTitle "IM"]
[BlackTitle "IM"]
[WhiteElo "2516"]
[BlackElo "2279"]
[WhiteTeam "Theme International Trading"]
[BlackTeam "Egypt"]
[WhiteFideId "5818320"]
[BlackFideId "10600299"]
[EventDate "2024.08.02"]

1. e4 d5 2. exd5 Nf6 3. c4 e6 4. d4 exd5 5. Nc3 Bb4 6. a3 Bxc3+ 7. bxc3 O-O 8.
Bd3 Be6 9. c5 b6 10. cxb6 axb6 11. Ne2 Qd7 12. Ng3 Bg4 13. f3 Re8+ 14. Kf2 Be6
15. Bg5 Qd8 16. Qd2 Nbd7 17. h4 Qe7 18. a4 Qf8 19. Bb5 Rec8 20. Bc6 Ra7 21. Rae1
Qd6 22. Bb5 c6 23. Bd3 Rxa4 24. h5 Rca8 25. Re2 h6 26. Bf4 Qf8 27. Nf5 Bxf5 28.
Bxf5 Re8 29. Rhe1 Rxe2+ 30. Rxe2 Ra8 31. g4 Re8 32. Qa2 b5 33. Rxe8 Qxe8 34. Qa6
g6 35. hxg6 fxg6 36. Bd3 g5 37. Bg3 Nf8 38. Be5 Qf7 39. Bxf6 Qxf6 40. Bxb5 Ng6
41. Bxc6 Nf4 42. Bxd5+ Nxd5 43. Qa8+ Qf8 44. Qxd5+ 1-0

[Event "FIDE World Rapid Team"]
[Site "Almaty KAZ"]
[Date "2024.08.03"]
[Round "6.28"]
[White "Sadek, Sameh"]
[Black "Wong, Zhenyong Jayden"]
[Result "1/2-1/2"]
[WhiteTitle "FM"]
[BlackTitle "FM"]
[WhiteElo "2286"]
[BlackElo "2397"]
[WhiteTeam "Egypt"]
[BlackTeam "Theme International Trading"]
[WhiteFideId "10602771"]
[BlackFideId "5821975"]
[EventDate "2024.08.02"]

1. d4 Nf6 2. Nf3 c5 3. c3 d5 4. e3 cxd4 5. exd4 Bf5 6. Bf4 Nc6 7. Nbd2 e6 8. Qb3
Qc8 9. Be2 Be7 10. O-O O-O 11. Nh4 Bg4 12. f3 Bh5 13. g4 Bg6 14. Nxg6 hxg6 15.
h4 Qd7 16. Kg2 Rfe8 17. Rae1 Na5 18. Qb5 Qxb5 19. Bxb5 Rec8 20. g5 Nh5 21. Bh2
a6 22. Bd7 Rd8 23. Ba4 b5 24. Bc2 Nc6 25. Bd3 b4 26. f4 Bd6 27. Kf3 Rdc8 28. Kg4
bxc3 29. bxc3 Ne7 30. Rc1 Rc6 31. Rc2 Rac8 32. Nb1 Kf8 33. Rb2 f6 34. Bxg6 Nxg6
35. Kxh5 Kf7 36. Kg4 Ne7 37. Rff2 Nf5 38. h5 Ke7 39. Rb7+ R6c7 40. Rfb2 Ne3+ 41.
Kf3 Nc4 42. Rxc7+ Rxc7 43. gxf6+ Kxf6 44. Rb8 Ra7 45. Rb3 a5 46. Bg3 Kf5 47. Rb5
a4 48. Bh2 Rd7 49. Bg3 Ra7 50. Bh2 Rd7 51. Bg3 Rc7 52. Rb8 Ra7 53. Rb5 Rc7 54.
Rb8 Ra7 55. Rb5 Rc7 56. Rb8 Ra7 57. Rb5 Rc7 58. Rb8 1/2-1/2

[Event "FIDE World Rapid Team"]
[Site "Almaty KAZ"]
[Date "2024.08.03"]
[Round "6.29"]
[White "Gong, Qianyun"]
[Black "Wafa, Shrook"]
[Result "0-1"]
[WhiteTitle "WGM"]
[BlackTitle "WGM"]
[WhiteElo "2250"]
[BlackElo "2137"]
[WhiteTeam "Theme International Trading"]
[BlackTeam "Egypt"]
[WhiteFideId "8602425"]
[BlackFideId "10609970"]
[EventDate "2024.08.02"]

1. e4 c5 2. Nf3 Nc6 3. Bb5 g6 4. O-O Bg7 5. Re1 Nf6 6. e5 Nd5 7. Nc3 Nc7 8. Bxc6
dxc6 9. Ne4 b6 10. Nf6+ Kf8 11. Ne4 Bg4 12. h3 Bf5 13. d3 h6 14. Ng3 Be6 15. a4
a5 16. Bd2 Kg8 17. Qe2 Kh7 18. Nh2 Re8 19. Kh1 Qd7 20. f4 Rad8 21. Nf3 c4 22.
dxc4 f6 23. Bc3 c5 24. b3 Qc6 25. Kh2 f5 26. Rad1 Bc8 27. Qe3 Bb7 28. Rd3 Ne6
29. Red1 Kg8 30. Rd5 Kf7 31. Bb2 Qc8 32. Nh4 Nc7 33. R5d3 Ne6 34. Qf2 h5 35. Bc1
Rd4 36. Ngxf5 gxf5 37. Nxf5 Rxd3 38. cxd3 Rg8 39. Qh4 Nxf4 40. Qxf4 Ke8 41. Rd2
Qe6 42. Re2 Bxe5 43. Ng7+ Rxg7 44. Rxe5 Rxg2+ 45. Kh1 Qxh3+ 0-1

[Event "FIDE World Rapid Team"]
[Site "Almaty KAZ"]
[Date "2024.08.03"]
[Round "6.30"]
[White "Allam, Yara"]
[Black "Zhang, Changjie"]
[Result "1-0"]
[WhiteTitle "WCM"]
[WhiteElo "1920"]
[BlackElo "1809"]
[WhiteTeam "Egypt"]
[BlackTeam "Theme International Trading"]
[WhiteFideId "10615709"]
[BlackFideId "5801877"]
[EventDate "2024.08.02"]

1. e4 e6 2. d4 d5 3. Nd2 c5 4. exd5 exd5 5. Ngf3 Bg4 6. Bb5+ Nc6 7. h3 Bd7 8.
O-O cxd4 9. Re1+ Be7 10. Nb3 Qb6 11. Nbxd4 O-O-O 12. Bxc6 Bxc6 13. Ne5 Be8 14.
Be3 Bc5 15. Qg4+ Kb8 16. Qxg7 Bxd4 17. Bxd4 Qxd4 18. Nd7+ Bxd7 19. Qxd4 Nh6 20.
Qf4+ 1-0

[Event "FIDE World Rapid Team"]
[Site "Almaty KAZ"]
[Date "2024.08.03"]
[Round "6.31"]
[White "Aitbayev, Aslan"]
[Black "Sychev, Klementy"]
[Result "0-1"]
[WhiteTitle "IM"]
[BlackTitle "GM"]
[WhiteElo "2380"]
[BlackElo "2531"]
[WhiteTeam "Astana-2"]
[BlackTeam "World Champions Higher School"]
[WhiteFideId "13704613"]
[BlackFideId "4114060"]
[EventDate "2024.08.02"]

1. e4 e5 2. Nf3 Nc6 3. Bb5 a6 4. Ba4 Nge7 5. Bb3 d5 6. exd5 Nxd5 7. O-O Be7 8.
d4 exd4 9. Nxd4 Na5 10. Bxd5 Qxd5 11. Re1 c5 12. Qe2 O-O 13. Qxe7 cxd4 14. Re5
Qc6 15. Rxa5 Re8 16. Qb4 Qxc2 17. Nd2 Re1+ 18. Nf1 Qe2 19. Qxe1 Qxe1 20. b4 Be6
21. a3 Qc3 22. Rb1 b5 23. Bd2 Qc2 24. Rc1 Qb2 25. Rc5 h6 26. Bf4 Bc4 27. h3 Qb1 0-1

[Event "FIDE World Rapid Team"]
[Site "Almaty KAZ"]
[Date "2024.08.03"]
[Round "6.32"]
[White "Shubin, Kirill"]
[Black "Akhmetov, Ayan"]
[Result "1-0"]
[WhiteTitle "IM"]
[BlackTitle "IM"]
[WhiteElo "2459"]
[BlackElo "2380"]
[WhiteTeam "World Champions Higher School"]
[BlackTeam "Astana-2"]
[WhiteFideId "34119962"]
[BlackFideId "13703706"]
[EventDate "2024.08.02"]

1. e4 e6 2. d4 d5 3. Nd2 c5 4. Ngf3 cxd4 5. Nxd4 Nf6 6. exd5 Qxd5 7. Nb5 Qc6 8.
Nc4 a6 9. Nbd6+ Bxd6 10. Qxd6 b5 11. Qxc6+ Nxc6 12. Nb6 Rb8 13. Nxc8 Rxc8 14. c3
O-O 15. Be2 Rfd8 16. O-O Ne5 17. a4 Nd3 18. axb5 axb5 19. Rd1 Nxc1 20. Raxc1
Rxd1+ 21. Rxd1 b4 22. Ba6 Rb8 23. c4 Ne4 24. f3 Nc5 25. Bb5 Kf8 26. Kf2 Ke7 27.
Ra1 Rd8 28. Ke2 e5 29. Ra7+ Kf6 30. g3 Nb3 31. Ke3 Rd2 32. c5 Rxb2 33. c6 Nd4
34. c7 Rc2 35. Bd7 Nf5+ 36. Ke4 b3 37. Bxf5 b2 38. Ra6+ Kg5 39. h4+ Kh5 40. Bg4# 1-0

[Event "FIDE World Rapid Team"]
[Site "Almaty KAZ"]
[Date "2024.08.03"]
[Round "6.33"]
[White "Akhmedinov, Satbek"]
[Black "Faizrakhmanov, Ramil"]
[Result "0-1"]
[WhiteTitle "FM"]
[BlackTitle "IM"]
[WhiteElo "2379"]
[BlackElo "2424"]
[WhiteTeam "Astana-2"]
[BlackTeam "World Champions Higher School"]
[WhiteFideId "13714287"]
[BlackFideId "24103209"]
[EventDate "2024.08.02"]

1. e4 c5 2. Nf3 d6 3. d4 cxd4 4. Qxd4 Nc6 5. Qd3 g6 6. Nc3 Bg7 7. Be2 Nf6 8. O-O
O-O 9. Nd5 Bg4 10. c3 Rc8 11. Bg5 Nd7 12. Rad1 h6 13. Bh4 g5 14. Bg3 Bxf3 15.
Bxf3 Nde5 16. Qe2 e6 17. Ne3 Qe7 18. Bh5 Rcd8 19. a4 Ng6 20. Bxg6 fxg6 21. Nc4
d5 22. exd5 exd5 23. Qxe7 Nxe7 24. Nd6 Rd7 25. Rfe1 a6 26. Nc4 Nc8 27. Re2 Rfd8
28. Red2 d4 29. Ne5 Bxe5 30. Bxe5 Nb6 31. Rxd4 Rxd4 32. Rxd4 Rxd4 33. Bxd4 Nxa4
34. c4 b6 35. b4 Kf7 36. g4 Ke6 37. Kg2 a5 38. bxa5 bxa5 39. Bg7 h5 40. gxh5
gxh5 41. Bd4 Kd6 42. h4 g4 43. Kg3 Nc5 44. Bb2 Ne4+ 45. Kf4 Nxf2 46. Bd4 Nd3+
47. Kg5 g3 48. Kxh5 Nf2 49. Kg6 a4 50. h5 a3 51. h6 g2 52. Bxf2 a2 53. Bd4 a1=Q
54. c5+ Kc6 55. Bxa1 g1=Q+ 56. Kh7 Qxa1 57. Kg8 Qg1+ 58. Kh8 Qf2 0-1

[Event "FIDE World Rapid Team"]
[Site "Almaty KAZ"]
[Date "2024.08.03"]
[Round "6.34"]
[White "Orlov, Oleg"]
[Black "Mazhkenov, Alisher"]
[Result "1-0"]
[WhiteTitle "FM"]
[WhiteElo "2254"]
[BlackElo "2118"]
[WhiteTeam "World Champions Higher School"]
[BlackTeam "Astana-2"]
[WhiteFideId "4166612"]
[BlackFideId "13718983"]
[EventDate "2024.08.02"]

1. e4 e6 2. d4 d5 3. Nc3 Nf6 4. e5 Nfd7 5. f4 c5 6. Nf3 Nc6 7. Be3 a6 8. g3 cxd4
9. Nxd4 Qb6 10. Rb1 Bc5 11. Nce2 Qc7 12. Bg2 O-O 13. O-O b5 14. Kh1 Bb7 15. c3
Rac8 16. g4 Rfe8 17. Rf3 Bf8 18. Rh3 f6 19. f5 Nxd4 20. Nxd4 fxe5 21. Nxe6 Qd6
22. g5 g6 23. Qg4 e4 24. Bd4 Ne5 25. Qh4 Re7 26. Qf4 Rxe6 27. fxe6 Bg7 28. Bxe5 1-0

[Event "FIDE World Rapid Team"]
[Site "Almaty KAZ"]
[Date "2024.08.03"]
[Round "6.35"]
[White "Tokbayev, Anuar"]
[Black "Serikbay, Assel"]
[Result "1/2-1/2"]
[BlackTitle "WIM"]
[WhiteElo "1880"]
[BlackElo "2237"]
[WhiteTeam "Astana-2"]
[BlackTeam "World Champions Higher School"]
[WhiteFideId "13724703"]
[BlackFideId "13706799"]
[EventDate "2024.08.02"]

1. d4 d5 2. c4 e6 3. Nf3 a6 4. g3 Nf6 5. Bg2 Bb4+ 6. Bd2 Be7 7. Qc2 O-O 8. O-O
dxc4 9. a4 Bd7 10. Ne5 Bc6 11. Nxc6 Nxc6 12. e3 Nd5 13. Qxc4 Qd7 14. Na3 Rfd8
15. Rfd1 Rab8 16. Qe2 Bf6 17. Rac1 Qe8 18. Be1 g6 19. Nc4 Bg7 20. b3 Rbc8 21.
Nb2 e5 22. dxe5 Qxe5 23. Nd3 Qe7 24. Nc5 Nb6 25. Rxd8+ Nxd8 26. Nxb7 Qa3 27. Qc2
Ne6 28. Bc3 Bf8 29. Na5 Qc5 30. Nc6 Nd5 31. Bd4 Qxc2 32. Rxc2 Nxd4 33. exd4 Nb4
34. Nxb4 Bxb4 35. Bb7 Rd8 36. d5 Ba5 37. Rc5 Bb6 38. Rc4 a5 39. Kg2 Kg7 40. Re4
Kf6 41. Bc6 Bc5 42. f4 Rb8 43. Bb5 Rd8 44. Bc4 Rb8 45. Kf3 Bd6 46. Re2 h5 47. h3
Bc5 48. Re4 Bd6 49. Bb5 Bc5 50. Rc4 Bb6 51. Ke4 Ke7 52. Kf3 Kd6 53. Rc6+ Ke7 54.
Ke4 Rd8 55. g4 hxg4 56. hxg4 Rd6 57. Rc2 Rd8 58. Rh2 Kd6 59. Rh7 Rf8 60. g5 Bc5
61. f5 gxf5+ 62. Kxf5 Be3 63. Rh6+ Kxd5 64. Bc4+ Kc5 65. Rf6 Rg8 66. Rxf7 Rxg5+
67. Ke4 Bd2 68. Rxc7+ Kb6 69. Rd7 Bb4 70. Rf7 Rg4+ 71. Kd5 Rg5+ 72. Ke6 Rg6+ 73.
Kf5 Rd6 74. Ke5 Rh6 75. Bd5 Bc3+ 76. Ke4 Rh4+ 77. Kd3 Bb4 78. Rb7+ Kc5 79. Rb5+
Kd6 80. Bc4 Rh3+ 81. Ke4 Rh4+ 82. Kd3 Rh3+ 83. Kd4 Rh4+ 1/2-1/2

[Event "FIDE World Rapid Team"]
[Site "Almaty KAZ"]
[Date "2024.08.03"]
[Round "6.36"]
[White "Balakirev, Nikoly"]
[Black "Altynbek, Aiaru"]
[Result "0-1"]
[BlackTitle "WFM"]
[WhiteElo "1885"]
[BlackElo "1990"]
[WhiteTeam "World Champions Higher School"]
[BlackTeam "Astana-2"]
[WhiteFideId "4192060"]
[BlackFideId "13752472"]
[EventDate "2024.08.02"]

1. c4 e6 2. d4 d5 3. Nc3 Be7 4. Nf3 Nf6 5. Bg5 h6 6. Bh4 O-O 7. e3 b6 8. cxd5
Nxd5 9. Bxe7 Nxe7 10. Bd3 Bb7 11. Rc1 Nd7 12. Bb1 Nf6 13. e4 c5 14. dxc5 bxc5
15. Qc2 Ng6 16. O-O Qe7 17. Rfe1 Rfd8 18. e5 Nh7 19. Ne4 Rac8 20. Nd6 Bxf3 21.
gxf3 Ng5 22. Nxc8 Nxf3+ 23. Kf1 Qh4 24. Re3 Qh3+ 0-1

[Event "FIDE World Rapid Team"]
[Site "Almaty KAZ"]
[Date "2024.08.03"]
[Round "6.37"]
[White "Shonazarov, Orash"]
[Black "Mamedov, Edgar"]
[Result "0-1"]
[WhiteTitle "FM"]
[BlackTitle "FM"]
[WhiteElo "2277"]
[BlackElo "2443"]
[WhiteTeam "Chess Empire"]
[BlackTeam "Teniz Kazakhstan"]
[WhiteFideId "13737910"]
[BlackFideId "13739980"]
[EventDate "2024.08.02"]

1. c4 e6 2. Nc3 d5 3. d4 a6 4. cxd5 exd5 5. Nf3 h6 6. Bf4 Nf6 7. e3 Bd6 8. Ne5
O-O 9. Bd3 Re8 10. O-O Nbd7 11. e4 Nxe5 12. dxe5 Bxe5 13. Bxe5 Rxe5 14. f4 Re8
15. exd5 b5 16. Qb3 c5 17. Qc2 c4 18. Be2 Nxd5 19. Nxd5 Qxd5 20. Bf3 Qc5+ 21.
Qf2 Qxf2+ 22. Kxf2 Ra7 23. Rfd1 Be6 24. a3 Rc8 25. Rac1 Kf8 26. g4 g6 27. h3 Ke7
28. Re1 Kf6 29. Red1 Ke7 30. Re1 Kf8 31. Red1 Rac7 32. Rd6 a5 33. Ra6 a4 34. Be2
Rb8 35. Bf3 Rd7 36. Rc2 Rd3 37. Kg2 Rbd8 38. Ra8 Rxa8 39. Bxa8 c3 40. bxc3 Bb3
41. Rc1 Rd2+ 42. Kf3 Ra2 43. Bc6 Bc4 44. Rb1 Rxa3 45. Bxb5 Rxc3+ 46. Kg2 Rb3 47.
Rxb3 Bxb3 0-1

[Event "FIDE World Rapid Team"]
[Site "Almaty KAZ"]
[Date "2024.08.03"]
[Round "6.38"]
[White "Sapenov, Daniyal"]
[Black "Nurgalimov, Chingis"]
[Result "1/2-1/2"]
[WhiteTitle "FM"]
[WhiteElo "2311"]
[BlackElo "2035"]
[WhiteTeam "Teniz Kazakhstan"]
[BlackTeam "Chess Empire"]
[WhiteFideId "13728911"]
[BlackFideId "4194292"]
[EventDate "2024.08.02"]

1. e4 c5 2. Nf3 e6 3. d4 cxd4 4. Nxd4 a6 5. Bd3 Nf6 6. O-O d6 7. c4 g6 8. Nc3
Bg7 9. Be3 O-O 10. h3 Qc7 11. Rc1 b6 12. Qe2 Nbd7 13. b3 Bb7 14. Bb1 Rfe8 15. f3
Rac8 16. Qd2 Qb8 17. Bf2 Qa8 18. Rfe1 d5 19. e5 Nh5 20. cxd5 Bxe5 21. dxe6 fxe6
22. Ne4 Rxc1 23. Rxc1 Nf4 24. Ne2 Nd5 25. Bd4 Qb8 26. Qb2 Bh2+ 27. Kh1 Bc7 28.
Qd2 Qd8 29. N4c3 Nc5 30. Qh6 e5 31. Bxc5 bxc5 32. Rd1 e4 33. fxe4 Qd6 34. g3 Qf6
35. exd5 Qf3+ 36. Kg1 c4 37. Qd2 Bb6+ 38. Kh2 Qf2+ 39. Kh1 Qf3+ 40. Kh2 Qf2+ 41.
Kh1 1/2-1/2

[Event "FIDE World Rapid Team"]
[Site "Almaty KAZ"]
[Date "2024.08.03"]
[Round "6.39"]
[White "Ermekbaev, Iliyas"]
[Black "Balabayeva, Xeniya"]
[Result "0-1"]
[BlackTitle "WIM"]
[WhiteElo "1621"]
[BlackElo "2335"]
[WhiteTeam "Chess Empire"]
[BlackTeam "Teniz Kazakhstan"]
[WhiteFideId "13784420"]
[BlackFideId "13719688"]
[EventDate "2024.08.02"]

1. e4 c6 2. d4 d5 3. e5 Bf5 4. Nc3 e6 5. g4 Bg6 6. Nge2 c5 7. Nf4 Nc6 8. Be3 Qb6
9. Na4 Qa5+ 10. c3 cxd4 11. Bxd4 Nxd4 12. Qxd4 Rc8 13. b3 Ne7 14. Bd3 Nc6 15.
Qe3 d4 16. Qe2 Bxd3 17. Nxd3 dxc3 18. O-O Nd4 19. Qe4 Qd5 20. Qxd5 exd5 21. Kg2
b5 22. Nxc3 Rxc3 23. Nf4 Ne6 24. Nxd5 Rc5 25. Rfd1 Rxd5 0-1

[Event "FIDE World Rapid Team"]
[Site "Almaty KAZ"]
[Date "2024.08.03"]
[Round "6.40"]
[White "Nurgaliyev, Sauat"]
[Black "Sartbayev, Askar"]
[Result "1-0"]
[WhiteTitle "FM"]
[WhiteElo "2380"]
[BlackElo "1702"]
[WhiteTeam "Teniz Kazakhstan"]
[BlackTeam "Chess Empire"]
[WhiteFideId "13726285"]
[BlackFideId "13751190"]
[EventDate "2024.08.02"]

1. e4 c5 2. Nf3 d6 3. d4 cxd4 4. Nxd4 Nf6 5. Nc3 a6 6. a4 e6 7. Be2 Nc6 8. O-O
Be7 9. Qd3 O-O 10. Nxc6 bxc6 11. Qg3 Kh8 12. Rd1 Qc7 13. a5 Rb8 14. b3 Bb7 15.
Ra4 c5 16. Bf4 Bc6 17. e5 dxe5 18. Bxe5 Qb7 19. Bxb8 Bxa4 20. Bd6 Bxd6 21. Qxd6
Re8 22. Nxa4 Ne4 23. Qd7 1-0

[Event "FIDE World Rapid Team"]
[Site "Almaty KAZ"]
[Date "2024.08.03"]
[Round "6.41"]
[White "Adilbekuly, Altair"]
[Black "Bizhigitov, Zhangir"]
[Result "1-0"]
[BlackTitle "FM"]
[WhiteElo "1694"]
[BlackElo "2237"]
[WhiteTeam "Chess Empire"]
[BlackTeam "Teniz Kazakhstan"]
[WhiteFideId "13763130"]
[BlackFideId "13725599"]
[EventDate "2024.08.02"]

1. e4 e6 2. d4 d5 3. Nc3 Nf6 4. Bg5 Bb4 5. e5 h6 6. Bd2 Bxc3 7. bxc3 Ne4 8. Bd3
Nxd2 9. Qxd2 c5 10. f4 Nc6 11. Nf3 Qa5 12. Rb1 a6 13. Rd1 Bd7 14. O-O cxd4 15.
Nxd4 Nxd4 16. cxd4 Qxd2 17. Rxd2 b5 18. h4 Ke7 19. h5 Raf8 20. g4 f6 21. Rg2
fxe5 22. dxe5 Be8 23. Kh2 Rhg8 24. Bh7 Rh8 25. Bd3 d4 26. Kh3 Bc6 27. Rgf2 Bd5
28. a3 Rc8 29. f5 exf5 30. gxf5 Rcf8 31. Rg1 Rhg8 32. Rg6 Bf7 33. Rxa6 Bxh5 34.
Ra7+ Kd8 35. Bxb5 Kc8 36. Bc4 Rh8 37. Rxg7 Kd8 38. Rd2 Re8 39. Rxd4+ Kc8 40.
Be6+ Kb8 41. Rdd7 Bf3 42. Kg3 Ba8 43. a4 Rc8 44. a5 Rxc2 45. a6 Bc6 46. a7+ Ka8
47. Rc7 h5 48. Rxc6 h4+ 49. Kh3 Rd8 50. Rxc2 Rd3+ 51. Kh2 Rh3+ 52. Kg1 1-0

[Event "FIDE World Rapid Team"]
[Site "Almaty KAZ"]
[Date "2024.08.03"]
[Round "6.42"]
[White "Fedorov, Grigory"]
[Black "Zhumagali, Raian"]
[Result "1-0"]
[BlackTitle "WCM"]
[WhiteElo "1904"]
[BlackElo "1632"]
[WhiteTeam "Teniz Kazakhstan"]
[BlackTeam "Chess Empire"]
[WhiteFideId "4123530"]
[BlackFideId "13730150"]
[EventDate "2024.08.02"]

1. e4 c5 2. Nc3 d6 3. d4 cxd4 4. Qxd4 Nf6 5. b3 Nc6 6. Qd2 g6 7. Bb2 Bg7 8.
O-O-O a6 9. Kb1 b5 10. f3 Bb7 11. g4 Rc8 12. Nd5 Ne5 13. Nxf6+ Bxf6 14. Bg2 Nd7
15. Bxf6 Nxf6 16. g5 Nd7 17. Qd4 Rg8 18. Bh3 Qc7 19. Bxd7+ Qxd7 20. Ne2 Qc7 21.
Rd2 Qc5 22. h4 Qxd4 23. Rxd4 Rh8 24. h5 Rg8 25. h6 Rc5 26. Rg1 Kd7 27. Kb2 Rgc8
28. Rd2 b4 29. Nf4 a5 30. Nd3 Rb5 31. a4 bxa3+ 32. Kxa3 Ba6 33. c4 Rb7 34. Rc1
Ke8 35. Nf4 Rcb8 36. Rc3 Rc7 37. Nd5 Rc5 38. f4 Bb7 39. f5 Bc8 40. Rf2 Bd7 41.
Rcf3 gxf5 42. exf5 a4 43. g6 fxg6 44. fxg6 Rxb3+ 45. Rxb3 axb3 46. gxh7 1-0